Statistics for Toy Makers

Click here to take the quiz!

General Stats

  • This quiz has been taken 116 times
  • The average score is 6 of 22

Answer Stats

Toy Company % Correct
Barbie; Hot WheelsMattel
84%
Plastic interlocking blocksLego
68%
Play-Doh; G.I. JoeHasbro
64%
Soft foam darts, footballs, etc.NERF
53%
Baby and toddler toysFisher Price
48%
Monopoly; Aggravation; Bop-It!Parker Brothers
33%
Metal toy trucks; Pound PuppiesTonka
32%
Mr. Potato Head; WeeblesPlayskool
27%
Croquet; Simon; TwisterMilton Bradley
24%
Electric train setsLionel
21%
Hula Hoop; FrisbeeWham-O
21%
Speak 'n SpellTexas Instruments
18%
Innotab; VReaderVTech
16%
Wooden puzzlesMelissa & Doug
15%
Plastic outdoor toys & furnitureLittle Tikes
12%
Easy Bake Oven; SpirographKenner
8%
Etch-a-SketchOhio Art
7%
Cabbage Patch KidsColeco
6%
Plastic playsets & kitchensStep 2
6%
Slinky; Slinky DogJames Industries
3%
Furby; Giga PetsTiger Electronics
3%
Crayola crayons; Silly PuttyBinney & Smith
1%

Score Distribution

Percentile by Number Answered

Percent of People with Each Score

Your Score History

You have not taken this quiz